| 000 | 00391cam a2200169ua 4500 | ||
|---|---|---|---|
| 020 | _cRS.3/- | ||
| 041 |
_ahin _h |
||
| 082 |
_a891.54 _bYAS/RA |
||
| 100 | _aYashpal, . | ||
| 245 |
_aRamaraya Ki kadha / _cYashpsal. _hTextual Documents |
||
| 260 |
_a : _bViplav Karyala , _c1956. |
||
| 300 | _a123 ; . | ||
| 365 | _aRS.3/- | ||
| 504 | _a | ||
| 942 | _cBK | ||
| 999 |
_c11659 _d11659 |
||